Applied Computational Economics and Finance/ (Record no. 9045)

MARC details
000 -LEADER
fixed length control field 00663nam a22001937a 4500
003 - CONTROL NUMBER IDENTIFIER
control field OSt
005 - DATE AND TIME OF LATEST TRANSACTION
control field 20240703114920.0
008 - FIXED-LENGTH DATA ELEMENTS--GENERAL INFORMATION
fixed length control field 240703b |||||||| |||| 00| 0 eng d
020 ## - INTERNATIONAL STANDARD BOOK NUMBER
International Standard Book Number 0262134209
040 ## - CATALOGING SOURCE
Original cataloging agency DDC
Transcribing agency MUST
082 ## - DEWEY DECIMAL CLASSIFICATION NUMBER
Classification number 330.0151 MIR 2002
Item number 20
100 ## - MAIN ENTRY--PERSONAL NAME
Personal name Miranda Mario J. and Fackler Paul L.
9 (RLIN) 18406
245 ## - TITLE STATEMENT
Title Applied Computational Economics and Finance/
Statement of responsibility, etc. Miranda Mario J. and Fackler Paul L.
260 ## - PUBLICATION, DISTRIBUTION, ETC. (IMPRINT)
Place of publication, distribution, etc. London, England.:
Name of publisher, distributor, etc. MIT Press Cambridge, Massachusetts;
Date of publication, distribution, etc. 2002.
300 ## - PHYSICAL DESCRIPTION
Extent xviii,510p.:
Other physical details ill,;
Dimensions 23.5cm.
504 ## - BIBLIOGRAPHY, ETC. NOTE
Bibliography, etc Includes Bibliographical Appendixes, References and Indexers
650 ## - SUBJECT ADDED ENTRY--TOPICAL TERM
Topical term or geographic name as entry element Economics.
9 (RLIN) 975
942 ## - ADDED ENTRY ELEMENTS (KOHA)
Source of classification or shelving scheme Dewey Decimal Classification
Koha item type Open Shelf
Holdings
Withdrawn status Lost status Source of classification or shelving scheme Damaged status Not for loan Home library Current library Source of acquisition Inventory number Total Checkouts Full call number Barcode Date last seen Koha item type
    Dewey Decimal Classification     MUST Main Library MUST Main Library Purchase 04/22940   330.0151 MIR 2002 20 2024-21715 03/07/2024 Open Shelf
    Dewey Decimal Classification     MUST Main Library MUST Main Library Purchase 04/22939   330.0151 MIR 2002 20 2024-21716 03/07/2024 Open Shelf